000 00668nam a2200277Ia 4500
005 20260324120828.0
008 008 260324s9999 xx 000 0 eng d
020 _a9781315610566
037 _aEBOOK
040 _aCRL
040 _beng
040 _cCRL
041 _2eng
041 _aeng
084 _qCRL
100 _aSarah E. Johnson
_91160135
245 0 _aStaging Women and the Soul-Body Dynamic in Early Modern England
260 _bTaylor and Francis
260 _c2014
365 _a
365 _b240
856 _uhttp://www.taylorfrancis.com/books/9781315610566
942 _cEBOOK
999 _c1751859
_d1751859